| 000 | 00624nam a22001937a 4500 | ||
|---|---|---|---|
| 005 | 20230920110307.0 | ||
| 010 | _aENG-138171 | ||
| 020 |
_a9789393199195 _c640.00 |
||
| 035 | _aEN-121703 | ||
| 037 | _bDBAD/PUB | ||
| 082 | _a624 | ||
| 100 |
_aKalyan, V. Vamsi _957037 |
||
| 245 |
_aFoundation Engineering/ _cBy V. Vamsi Kalyan and J. K. Sandhya Kiran |
||
| 260 |
_aHyderabad _bM/s Amaravathi Publishers _c2023 |
||
| 270 |
_a7-1-277/242, 2nd Floor, Near BK Guda Park, S R Nagar _bHyderabad _e500038 |
||
| 300 |
_a240 _c25cm(pbk) |
||
| 700 |
_aKiran, J. K. Sandhya _956902 |
||
| 942 |
_2ddc _cEN _h624 _mKAL |
||
| 999 |
_c198379 _d198379 |
||